000 00268nam a22001097a 4500
008 160511b xxu||||| |||| 00| 0 eng d
020 _a00257125
041 _aeng
080 _a61
245 _aThe medical clinics of north america:
_cRobert K. Bush MD;
942 _2udc
_cBK
999 _c2050
_d2050